[Event "Krapina op 7th"]
[Site "Krapina"]
[Date "2017.01.14"]
[Round "5"]
[White "Golub, Nikolina"]
[Black "Kupek, Robert"]
[Result "1-0"]
[WhiteElo "1856"]
[BlackElo "1655"]
[PlyCount "31"]
[EventDate "2017.01.12"]
[EventType "swiss"]
[EventRounds "7"]
[EventCountry "CRO"]
[SourceTitle "CBM 176 Extra"]
[Source "ChessBase"]
[SourceDate "2017.03.02"]
[SourceVersion "1"]
[SourceVersionDate "2017.03.02"]
[SourceQuality "1"]

1. d4 d5 2. c4 e6 3. Nc3 Nf6 4. Nf3 Be7 5. Bf4 0-0 6. e3 Nbd7 7. c5 Nh5 8. Bg3 Nxg3 9. hxg3 Nf6 10. Bd3 g6 11. Ne5 Bd7 12. Qf3 Kg7 13. g4 h6 14. Ke2 Nh7 15. Qh3 Bh4 16. Nxd7 1-0

[Event "Krapina op 7th"]
[Site "Krapina"]
[Date "2017.01.13"]
[Round "2"]
[White "Kupek, Robert"]
[Black "Puljic, Ljubomir"]
[Result "1-0"]
[WhiteElo "1655"]
[BlackElo "1387"]
[PlyCount "75"]
[EventDate "2017.01.12"]
[EventType "swiss"]
[EventRounds "7"]
[EventCountry "CRO"]
[SourceTitle "CBM 176 Extra"]
[Source "ChessBase"]
[SourceDate "2017.03.02"]
[SourceVersion "1"]
[SourceVersionDate "2017.03.02"]
[SourceQuality "1"]

1. d4 c6 2. c4 e6 3. Nc3 Nf6 4. Nf3 Bb4 5. Bd2 Bxc3 6. Bxc3 d5 7. cxd5 exd5 8. g3 0-0 9. Bg2 Ne4 10. 0-0 Nxc3 11. bxc3 Be6 12. Qc2 h6 13. Rfe1 Nd7 14. Nd2 Qf6 15. e4 Qg6 16. Qb2 b5 17. exd5 Bxd5 18. Bxd5 cxd5 19. Qxb5 Nf6 20. Qb1 Qg5 21. Nf3 Qg4 22. Kg2 Ne4 23. Qd3 Qc8 24. Rac1 Rb8 25. c4 Nf6 26. c5 Ne4 27. Rc2 f5 28. Ne5 Ng5 29. Ng6 Kh7 30. Nxf8+ Qxf8 31. Re5 Kh8 32. Rce2 Ne4 33. f3 Nf6 34. Qxf5 Qd8 35. Qg6 Qa5 36. Re7 Rg8 37. g4 Qa6 38. h4 1-0

[Event "Krapina op 7th"]
[Site "Krapina"]
[Date "2017.01.12"]
[Round "1"]
[White "Takac, Zvonko"]
[Black "Kupek, Robert"]
[Result "1-0"]
[WhiteElo "2005"]
[BlackElo "1655"]
[PlyCount "63"]
[EventDate "2017.01.12"]
[EventType "swiss"]
[EventRounds "7"]
[EventCountry "CRO"]
[SourceTitle "CBM 176 Extra"]
[Source "ChessBase"]
[SourceDate "2017.03.02"]
[SourceVersion "1"]
[SourceVersionDate "2017.03.02"]
[SourceQuality "1"]

1. d4 d5 2. c4 e6 3. Nc3 Nf6 4. Nf3 Be7 5. Bf4 c6 6. e3 0-0 7. Rc1 Nbd7 8. Bd3 dxc4 9. Bxc4 Nd5 10. Nxd5 exd5 11. Bd3 Qa5+ 12. Ke2 Qxa2 13. Qc2 Qa5 14. Bxh7+ Kh8 15. Ra1 Qd8 16. Bd3 Nf6 17. h3 Re8 18. Ng5 Kg8 19. Be5 Bd6 20. Bh7+ Kf8 21. f4 Bxe5 22. dxe5 Nxh7 23. Qxh7 Qb6 24. Qh8+ Ke7 25. Qxg7 Qxb2+ 26. Kf3 Be6 27. Nxe6 Kxe6 28. Rhb1 Qc2 29. Qf6+ Kd7 30. Qxf7+ Kd8 31. Rxb7 Qe4+ 32. Kf2 1-0